Filosofía, música y formación : un análisis del pensamiento musical de Nietzsche y Pascal Quignard /

Bibliographic Details
Main Author: Ramírez Rivera, Rubén Darío (Author)
Format: Electronic eBook
Language:Spanish
Published: Bogotá, Colombia : Editorial Aula de Humanidades, 2023.
Edition:Primera edición.
Series:Colección Lenguajes (Editorial Aula de Humanidades)
Subjects:
Online Access:Digitalia Hispánica

MARC

LEADER 00000nam a2200000Ii 4500
001 DIGAUHUM0092
003 NyNyDIG
006 m o d
007 cr |||||||||||
008 260205s2023 ck ob 001 0 spa d
035 |a (OCoLC)1573181956 
040 |a DGITA  |b eng  |e rda  |e pn  |c DGITA 
020 |a 9786287625198  |q (versión digital) 
020 |z 9786287625181  |q (versión impresa) 
050 1 4 |a ML423.N56 ebook 
100 1 |a Ramírez Rivera, Rubén Darío,  |e author. 
245 1 0 |a Filosofía, música y formación :  |b un análisis del pensamiento musical de Nietzsche y Pascal Quignard /  |c Rubén Darío Ramírez Rivera. 
250 |a Primera edición. 
264 1 |a Bogotá, Colombia :  |b Editorial Aula de Humanidades,  |c 2023. 
300 |a 1 online resource. 
336 |a text  |b txt  |2 rdacontent 
337 |a computer  |b c  |2 rdamedia 
338 |a online resource  |b cr  |2 rdacarrier 
347 |a text file  |2 rdaft 
347 |b PDF 
490 1 |a Colección Lenguajes 
504 |a Includes bibliographical references and indexes. 
588 0 |a Online resource; title from PDF title page (Digitalia, viewed February 5, 2026) 
650 0 |a Music  |x Philosophy and aesthetics. 
600 1 0 |a Nietzsche, Friedrich Wilhelm,  |d 1844-1900. 
600 1 0 |a Quignard, Pascal. 
791 2 |a Digitalia (Firm),  |e distributor. 
793 0 |g Digitalia eBook Collection:  |a Editorial Aula de Humanidades 
776 0 8 |i Print version:  |a Ramírez Rivera, Rubén Darío.  |t Filosofía, música y formación.  |b Primera edición.  |d Bogotá, Colombia : Editorial Aula de Humanidades, 2023  |z 9786287625181 
830 0 |a Colección Lenguajes (Editorial Aula de Humanidades) 
856 4 0 |3 Digitalia Hispánica  |u https://www.digitaliapublishing.com/a/180811/ 
910 |a Premium collection: 2026